Животные в медиа - Statistics

General Stats
  • This quiz has been taken 341 times
  • The average score is 18 of 26
Answer Stats
Персонаж Его вид % Correct
Микки мышь
98%
Пятачок свинья
97%
Шарик собака
96%
Соник ёж
94%
Кеша попугай
94%
Немо рыба-клоун
94%
Базилио кошка
92%
Умка белый медведь
92%
Муфаса лев
92%
Гена крокодил
91%
Дамбо слон
85%
Амур тигр
83%
Багира пантера
80%
Алиса лисица
72%
Каа змея
72%
Акелла волк
71%
Роджер кролик
65%
Вуди дятел
63%
Моби Дик кит
53%
Мэнни мамонт
41%
Кермит лягушка
40%
Харамбе горилла
36%
Тимур коза
27%
Пауль осьминог
23%
Квази черепаха
17%
Вилли койот / косатка
10%
No matching quizzes found
Score Distribution
Percent of People with Each Score
Percentile by Number Answered
Your Score History
You have not taken this quiz